| 000 | 00593nam a2200205 u 4500 | ||
|---|---|---|---|
| 005 | 20260217062532.0 | ||
| 008 | 100628s2008 mx r 000 0 spa d | ||
| 020 | _a9786077534037 | ||
| 035 | _aUPN01000177020 | ||
| 049 | _aCG | ||
| 050 | 4 |
_aHQ76.4 _bB4.3 |
|
| 100 | 1 |
_aBentham, Jeremy, _d1748-1832 _931148 |
|
| 245 | 1 | 0 |
_aContra la homofobia / _cJeremy Bentham ; tr. Pablo Duarte. |
| 260 |
_aMéxico : _bTumbona, _cc2008. |
||
| 300 | _a68 p. | ||
| 440 | 0 |
_aVersus. _pRound ; _v8 |
|
| 534 |
_pTítulo original: _tOffences against one's self |
||
| 650 | 4 |
_aHomofobia _918586 |
|
| 905 | _aLibro | ||
| 999 |
_c149123 _d149123 |
||